| 000 | 00619nam a2200193 4500 | ||
|---|---|---|---|
| 001 | 140456 | ||
| 003 | ES-MaACL | ||
| 005 | 20230906200100.0 | ||
| 007 | t| | ||
| 008 | 070214s1982 sp r ||||1| spa d | ||
| 245 | 0 | 0 |
_aSeguridad Social española _b: programa de mejora y racionalización. |
| 260 |
_aMadrid : _bPresidencia del Gobierno, Servicio Central de Publicaciones, _c1982 ( _fImp. BOE) |
||
| 300 |
_a98 p. ; _c17 cm. |
||
| 490 | 1 |
_aInforme ; _v38 |
|
| 710 | 1 |
_aEspaña. _bPresidencia del Gobierno. _93951 |
|
| 830 | 0 |
_aInforme ; _v38 _9179985 |
|
| 852 |
_aES-MaACL _jL-6184 _bR.106032 |
||
| 999 |
_c140456 _d140456 |
||